000 00594cam a22002053a 4500
001 39595
003 PGUSA
005 20140828083859.0
008 120502s2012||||xxu|||||s|||||000 | eng d
040 _aPGUSA
_beng
042 _adc
100 1 _aMarshall, Archibald,
_d1866-1934
245 1 4 _aThe Hall and the Grange :
_bA Novel
_h[electronic resource] /
_cArchibald Marshall
260 _bProject Gutenberg,
_c2012
506 _aPublic domain in the USA.
516 _aElectronic text
830 0 _aProject Gutenberg
_v39595
856 4 0 _uhttp://www.gutenberg.org/ebooks/39595
942 _cEB
999 _c268848
_d268848